| 000 | 00591nam a22001577a 4500 | ||
|---|---|---|---|
| 003 | OSt | ||
| 005 | 20151007164716.0 | ||
| 008 | 151007b xxu||||| |||| 00| 0 eng d | ||
| 040 | _cRUA | ||
| 082 | _aAVM ON 2008 B081 Or.1 | ||
| 100 |
_92321 _aON, BOVERSA. |
||
| 245 | _aHousehold buffaloes kompong seila district kohkong province, ការចិញ្ចឹមក្របីជាលក្ខណៈគ្រួសារនៅស្រុកកំពង់សីលា ខេត្តកោះកុង | ||
| 260 |
_aPhnom Penh _bRUA _c2008 |
||
| 300 |
_a50p. _bill. _c29cm. |
||
| 942 |
_2ddc _cAVM |
||
| 999 |
_c2187 _d2187 |
||